| 000 | 00340nam a2200097 4500 | ||
|---|---|---|---|
| 999 |
_c515031 _d515031 |
||
| 082 | _aTNC T315 R141 | ||
| 100 |
_aRamakrishna Institute of Moral and Spiritual Education _920107 |
||
| 245 | _aValue orientation: a source book on value education | ||
| 260 |
_aMysore _bRamakrishna Institute of Moral and Spiritual Education _c2005 |
||
| 300 | _a531p. | ||